|
|
|
|
| LEADER |
00000caa a22000002c 4500 |
| 001 |
1635518776 |
| 003 |
DE-627 |
| 005 |
20220608105045.0 |
| 007 |
tu |
| 008 |
131217s1976 xx ||||| 00| ||ger c |
| 035 |
|
|
|a (DE-627)1635518776
|
| 035 |
|
|
|a (DE-576)399122451
|
| 035 |
|
|
|a (DE-599)BSZ399122451
|
| 040 |
|
|
|a DE-627
|b ger
|c DE-627
|e rakwb
|
| 041 |
|
|
|a ger
|
| 100 |
1 |
|
|a Ulrich, Willi
|4 aut
|
| 245 |
1 |
0 |
|a Schützt das schweizerische Bankgeheimnis den Wirtschaftskriminellen?
|c Willi Ulrich
|
| 264 |
|
1 |
|c 1976
|
| 336 |
|
|
|a Text
|b txt
|2 rdacontent
|
| 337 |
|
|
|a ohne Hilfsmittel zu benutzen
|b n
|2 rdamedia
|
| 338 |
|
|
|a Band
|b nc
|2 rdacarrier
|
| 773 |
0 |
8 |
|i In
|t Der Kriminalist
|d Berlin : DBB-Verl., 1969
|g 8(1976), 5, Seite 289-298
|w (DE-627)167524194
|w (DE-600)539407-7
|w (DE-576)015770524
|x 0722-3501
|7 nnas
|
| 773 |
1 |
8 |
|g volume:8
|g year:1976
|g number:5
|g pages:289-298
|
| 951 |
|
|
|a AR
|
| ELC |
|
|
|b 1
|
| LOK |
|
|
|0 000 xxxxxcx a22 zn 4500
|
| LOK |
|
|
|0 001 3291888456
|
| LOK |
|
|
|0 003 DE-627
|
| LOK |
|
|
|0 004 1635518776
|
| LOK |
|
|
|0 005 20141204105105
|
| LOK |
|
|
|0 008 131217||||||||||||||||ger|||||||
|
| LOK |
|
|
|0 040
|a DE-21-110
|c DE-627
|d DE-21-110
|
| LOK |
|
|
|0 689
|a s
|a Wirtschaftskriminalität
|
| LOK |
|
|
|0 689
|a s
|a Bankgeheimnis
|
| LOK |
|
|
|0 689
|a g
|a Schweiz
|
| LOK |
|
|
|0 852
|z Kein Bestand am IfK; Nachweis für KrimDok
|
| LOK |
|
|
|0 852
|a DE-21-110
|
| LOK |
|
|
|0 852 1
|m v
|9 00
|
| LOK |
|
|
|0 935
|a k110
|
| LOK |
|
|
|0 938
|k v
|
| LOK |
|
|
|0 939
|a 17-12-13
|b l01
|
| ORI |
|
|
|a SA-MARC-krimdoka001.raw
|